Principles of food science and nutrition/by Minna Bagga and Swati Gupta (Record no. 50514)

MARC details
000 -LEADER
fixed length control field 00576nam a22001817a 4500
003 - CONTROL NUMBER IDENTIFIER
control field OSt
008 - FIXED-LENGTH DATA ELEMENTS--GENERAL INFORMATION
fixed length control field 260508b |||||||| |||| 00| 0 eng d
020 ## - INTERNATIONAL STANDARD BOOK NUMBER
International Standard Book Number 9789390104956
082 ## - DEWEY DECIMAL CLASSIFICATION NUMBER
Classification number 641.1
Item number B14P
100 ## - MAIN ENTRY--PERSONAL NAME
Personal name Bagga, Minna
245 ## - TITLE STATEMENT
Title Principles of food science and nutrition/by Minna Bagga and Swati Gupta
250 ## - EDITION STATEMENT
Edition statement 2nd. ed. repint
260 ## - PUBLICATION, DISTRIBUTION, ETC. (IMPRINT)
Place of publication, distribution, etc Ludhiana :
Name of publisher, distributor, etc Kalyani Publishers ;
Date of publication, distribution, etc 2024.
300 ## - PHYSICAL DESCRIPTION
Extent 322 p.
650 ## - SUBJECT ADDED ENTRY--TOPICAL TERM
Topical term or geographic name as entry element Technology (Applied Sciences) | Home Economics and Family Living | Food Science | Nutrition
700 ## - ADDED ENTRY--PERSONAL NAME
Personal name Gupta, Swati
942 ## - ADDED ENTRY ELEMENTS (KOHA)
Source of classification or shelving scheme
Koha item type Books
Holdings
Withdrawn status Lost status Source of classification or shelving scheme Damaged status Not for loan Home library Current library Shelving location Date acquired Source of acquisition Cost, normal purchase price Total Checkouts Full call number Barcode Date last seen Bill Date Koha item type Bill Number
          Dr. Rajendra Prasad Central Agricultural University Pusa, Dr. Rajendra Prasad Central Agricultural University Pusa, General Stacks 08/05/2026 Kalyani Publishers 325.00   641.1 B14P 88673 08/05/2026 02/02/2026 Books Invoice No. 2237
          Dr. Rajendra Prasad Central Agricultural University Pusa, Dr. Rajendra Prasad Central Agricultural University Pusa, General Stacks 08/05/2026 Kalyani Publishers 325.00   641.1 B14P 88674 08/05/2026 02/02/2026 Books Invoice No. 2237
          Dr. Rajendra Prasad Central Agricultural University Pusa, Dr. Rajendra Prasad Central Agricultural University Pusa, General Stacks 08/05/2026 Kalyani Publishers 325.00   641.1 B14P 88675 08/05/2026 02/02/2026 Books Invoice No. 2237
          Dr. Rajendra Prasad Central Agricultural University Pusa, Dr. Rajendra Prasad Central Agricultural University Pusa, General Stacks 08/05/2026 Kalyani Publishers 325.00   641.1 B14P 88676 08/05/2026 02/02/2026 Books Invoice No. 2237
          Dr. Rajendra Prasad Central Agricultural University Pusa, Dr. Rajendra Prasad Central Agricultural University Pusa, General Stacks 08/05/2026 Kalyani Publishers 325.00   641.1 B14P 88677 08/05/2026 02/02/2026 Books Invoice No. 2237
Hosted, Implemented, Customized & Maintained by: BestBookBuddies

Powered by Koha